Club qui a remportée la Ligue 1 depuis les année 2000 - Statistiques

Statistiques générales
  • Ce quiz a été pris 206 fois
    73 depuis la dernière actualisation
  • Le résultat moyen est 23 sur 26
Statistiques - réponses
Année Club % Correct
2025 Paris Saint-Germain
100%
2024 Paris Saint-Germain
100%
2023 Paris Saint-Germain
100%
2022 Paris Saint-Germain
100%
2020 Paris Saint-Germain
100%
2019 Paris Saint-Germain
100%
2018 Paris Saint-Germain
100%
2016 Paris Saint-Germain
99%
2015 Paris Saint-Germain
99%
2014 Paris Saint-Germain
99%
2013 Paris Saint-Germain
99%
2017 AS Monaco
97%
2021 LOSC Lille
97%
2012 Montpellier HSC
87%
2010 Olympique de Marseille
85%
2007 Olympique lyonnais
85%
2006 Olympique lyonnais
85%
2005 Olympique lyonnais
85%
2004 Olympique lyonnais
85%
2003 Olympique lyonnais
85%
2002 Olympique lyonnais
85%
2008 Olympique lyonnais
84%
2009 Girondins de Bordeaux
78%
2011 LOSC Lille
78%
2001 FC Nantes
71%
2000 AS Monaco
56%
Aucun quiz correspondant
Distribution des résultats
% des personnes avec chaque résultat
Percentile par nombre de réponses
Votre historique - résultats
Vous n’avez pas pris ce quiz depuis la dernière actualisation